Countries That Have Won a "World's Strongest Man" Title - Statistics

General Stats
  • This quiz has been taken 16,683 times
    114 since last reset
  • The average score is 8 of 12
Answer Stats
# Country % Correct
12 United States
98%
8 United Kingdom
93%
1 Canada
83%
3 Finland
76%
1 Norway
76%
1 Sweden
75%
5 Poland
70%
9 Iceland
66%
2 Ukraine
63%
1 Netherlands
54%
4 Lithuania
47%
1 South Africa
36%
No matching quizzes found
Score Distribution
Percent of People with Each Score
Percentile by Number Answered
Your Score History
You have not taken this quiz since the last reset